书目信息 |
| 题名: |
嘉道时期的灾荒与社会
|
|
| 作者: | 张艳丽 著 | |
| 分册: | ||
| 出版信息: | 北京 人民出版社 2008.07 |
|
| 页数: | 190页 | |
| 开本: | 23cm | |
| 丛书名: | ||
| 单 册: | ||
| 中图分类: | X432-092 | |
| 科图分类: | ||
| 主题词: | 自然灾害--zi ran zai hai--中国--清代--史料 | |
| 电子资源: | ||
| ISBN: | 978-7-01-007105-3 | |
| 000 | 00826nam0 2200241 450 | |
| 001 | 012009698577 | |
| 005 | 20090505140746.64 | |
| 010 | @a978-7-01-007105-3@dCNY30.00 | |
| 100 | @a20090505d2008 em y0chi0120 ea | |
| 101 | 0 | @achi |
| 102 | @aCN@b110000 | |
| 105 | @ay a 000yy | |
| 106 | @ar | |
| 200 | 1 | @a嘉道时期的灾荒与社会@Ajia dao shi qi de zai huang yu she hui@f张艳丽著@Fzhang yan li zhu |
| 210 | @a北京@c人民出版社@d2008.07 | |
| 215 | @a190页@d23cm | |
| 320 | @a有书目 (第177-188页) | |
| 330 | @a本书主要研究了清代嘉庆、道光年间的的社会情况,内容包括:嘉道时期的社会状况,嘉道时期的六大灾荒,嘉道时期灾因探析等。 | |
| 606 | 0 | @a自然灾害@Azi ran zai hai@y中国@z清代@j史料 |
| 690 | @aX432-092@v4 | |
| 701 | 0 | @a张艳丽@Azhang yan li@4著 |
| 801 | 0 | @aCN@bQSSK@c20090505 |
| 905 | @b740518-20@dX432-092@eZ223@f3 | |
| 嘉道时期的灾荒与社会/张艳丽著.-北京:人民出版社,2008.07 |
| 190页;23cm |
| ISBN 978-7-01-007105-3:CNY30.00 |
| 本书主要研究了清代嘉庆、道光年间的的社会情况,内容包括:嘉道时期的社会状况,嘉道时期的六大灾荒,嘉道时期灾因探析等。 |
| ● |
| 相关链接 |
|
|
|
正题名:嘉道时期的灾荒与社会
索取号:X432-092/Z223
 
预约/预借
| 序号 | 登录号 | 条形码 | 馆藏地/架位号 | 状态 | 备注 |
| 1 | 740518 | 207405182 | 自科库501/501自科库 67排7列4层/ [索取号:X432-092/Z223] | 在馆 | |
| 2 | 740519 | 207405191 | 自科库501/501自科库 67排7列4层/ [索取号:X432-092/Z223] | 在馆 | |
| 3 | 740520 | 207405208 | 自科库501/501自科库 67排7列4层/ [索取号:X432-092/Z223] | 在馆 |